AP Euro Unit 1 Dates - Statistics

General Stats
  • This quiz has been taken 24 times
  • The average score is 3 of 29
Answer Stats
Hint Answer % Correct
1348-1351 Event Black Death
50%
1054-1417 Religious Great Schism
50%
1555 Agreement Peace of Augsburg
50%
1430-1700 (approx.) Era Northern Renaissance
40%
1455 Innovation Printing Press
40%
1648 Agreement Treaty of Westphalia
20%
1492 Event Columbus in America
10%
1598 Agreement Edict of Nantes
10%
1350-1600 (approx.) Era Italian Rennaisance
10%
1304 Person/Concept Petrarch and Humanism
10%
1519 Expansion Cortes in Mexico
0%
1534 Movement Creation of English Anglican Church
0%
1504 Art/Literature David by Michelangelo
0%
1588 War Defeat of Spanish Armada
0%
1618 Agreement Defenestration of Prague
0%
1600 Organization Dutch East India Company
0%
1453 War End of Hundred Year's War
0%
1648 War End of Thirty Year's War
0%
1536 Person/Concept Erasmus and Christian Humanism
0%
1492 Religious Jews Expulsed from Spain
0%
1532 Art/Literature Machiavelli "The Prince"
0%
1469 Event Marriage of Ferdinand + Isabella, Uniting Spain
0%
1434-1737 Political Medici Family in Florence
0%
1531 Expansion Pizarro in Peru
0%
1517 Reform Protestant Reformation begins
0%
1643-1715 Person Reign of Louis XIV
0%
1512 Art/Literature Sistine Chapel by Michelangelo
0%
1516 Art/Literature Thomas More "Utopia"
0%
1497 Event Vasco de Gama Journey Around Africa
0%
No matching quizzes found
Score Distribution
Percent of People with Each Score
Percentile by Number Answered
Your Score History
You have not taken this quiz